[Event "9.Offene Senioren SH 2015"]
[Site "Buesum"]
[Date "2015.10.06"]
[Round "8.55"]
[White "Schencke, Guenther"]
[Black "Hoelzel, Gerhard"]
[Result "0-1"]
[BlackElo "1718"]
[BlackTeam "Ahrensburger TSV"]
[EventDate "2015.??.??"]
[PlyCount "102"]
[WhiteElo "1788"]
[WhiteTeam "SV Hankensbuettel"]

1. d4 Nf6 2. c4 g6 3. Nc3 d6 4. Nf3 Bg7 5. Bg5 O-O 6. e3 Nbd7 7. Be2 c6 8. O-O
h6 9. Bh4 g5 10. Bg3 Nh5 11. Qc2 Nxg3 12. hxg3 e6 13. Rad1 d5 14. cxd5 exd5 15.
Na4 Nf6 16. Nc3 Re8 17. Ne5 Re7 18. b4 Nd7 19. Nd3 Nf6 20. Nc5 Qc7 21. Rc1 Nd7
22. Nd3 Nb6 23. Nb2 Qd6 24. Qb3 Be6 25. a4 Nd7 26. Nd3 Ree8 27. Nc5 Rab8 28.
Nxd7 Qxd7 29. a5 a6 30. Na4 Qd6 31. Nc5 Bf5 32. Bd3 Bxd3 33. Qxd3 Re7 34. Rc2
Rf8 35. Qc3 f5 36. Nd3 Rfe8 37. Re1 Rf7 38. Rce2 Bf6 39. Qc5 Qc7 40. Qc3 h5 41.
f4 g4 42. Ne5 h4 43. Qd3 Bxe5 44. fxe5 hxg3 45. e4 f4 46. e6 Rxe6 47. exd5 Rxe2
48. Qxe2 f3 49. gxf3 gxf3 50. Qe8+ Kg7 51. Re5 f2+  0-1

[Event "9.Offene Senioren SH 2015"]
[Site "Buesum"]
[Date "2015.10.06"]
[Round "8.56"]
[White "Hilbig, Klaus"]
[Black "Petersen, Kay"]
[Result "1-0"]
[BlackElo "1746"]
[BlackTeam "Heikendorfer SV"]
[EventDate "2015.??.??"]
[PlyCount "160"]
[WhiteElo "1726"]
[WhiteTeam "Ahrensburger TSV"]

1. d4 d5 2. Nf3 e6 3. e3 Nf6 4. Bd3 h6 5. c4 c6 6. cxd5 exd5 7. Nc3 Bb4 8. a3
Ba5 9. b4 Bc7 10. Ne5 O-O 11. Bb2 Nbd7 12. f4 Nh7 13. Qc2 Ndf6 14. h3 Ne4 15.
Nxe4 dxe4 16. Bxe4 f5 17. Qc4+ Kh8 18. Nf7+ Rxf7 19. Qxf7 fxe4 20. d5 Nf6 21.
O-O-O Bd7 22. Bxf6 Qxf6 23. Qxd7 Qc3+ 24. Kb1 Qb3+ 25. Kc1 Qxe3+ 26. Kc2 Qxf4
27. Rhf1 Qe5 28. Rf5 Qg3 29. d6 Bb6 30. Qe7 e3 31. Rf8+ Rxf8 32. Qxf8+ Kh7 33.
Qf5+ Kg8 34. Qe6+ Kh8 35. Qe8+ Kh7 36. Qe4+ Kh8 37. Qf3 Qg6+ 38. Rd3 Qe6 39. Kd1
Kg8 40. d7 Qe7 41. Qh5 Kf8 42. Ke2 a6 43. d8=Q+ Bxd8 44. Rxe3 Qf7 45. Rf3 Bf6
46. Qc5+ Kg8 47. Qc2 Kh8 48. Qb3 Qd5 49. Qxd5 cxd5 50. a4 Kg8 51. Kd3 Kf7 52. g4
Ke6 53. Re3+ Kd7 54. Re2 b6 55. Rc2 Be5 56. Rf2 Bf6 57. Rf5 Kd6 58. Kc2 a5 59.
b5 Kc5 60. Kb3 Kd4 61. Rf1 Ke3 62. Kc2 Ke2 63. Rf5 d4 64. Rd5 Ke3 65. Kd1 d3 66.
Rf5 Ke4 67. Rf1 Bd4 68. h4 Bc3 69. Rf7 Kd4 70. Rxg7 Kc4 71. Rc7+ Kb3 72. Rc6 Bd4
73. Kd2 Bc5 74. Kxd3 Kxa4 75. Rxc5 bxc5 76. b6 Kb3 77. Kd2 c4 78. b7 c3+ 79. Kc1
a4 80. b8=Q+ Kc4  1-0

[Event "9.Offene Senioren SH 2015"]
[Site "Buesum"]
[Date "2015.10.06"]
[Round "8.57"]
[White "Garms, Ilse"]
[Black "Komeinda, Josef"]
[Result "1/2-1/2"]
[BlackElo "1644"]
[BlackTeam "Elberfelder SG"]
[EventDate "2015.??.??"]
[PlyCount "89"]
[WhiteElo "1745"]
[WhiteTeam "ESV Eberswalde"]

1. d4 Nf6 2. Nd2 d5 3. e3 e6 4. Ngf3 c5 5. c3 Bd6 6. Bd3 O-O 7. O-O b6 8. e4
dxe4 9. Nxe4 Bb7 10. Nxf6+ gxf6 11. Bh6 Re8 12. Nd2 f5 13. Qh5 Qf6 14. Nc4 Bf8
15. Bxf8 Rxf8 16. dxc5 bxc5 17. Ne3 Kh8 18. Rad1 Nd7 19. Bxf5 exf5 20. Rxd7 Bc8
21. Rd5 Be6 22. Rxc5 Rg8 23. Qf3 Rad8 24. Qe2 f4 25. Nc2 Bh3 26. Ne1 Bxg2 27.
Nxg2 f3 28. Qe5 Rxg2+ 29. Kh1 Qxe5 30. Rxe5 Rd2 31. h3 Rdxf2 32. Rxf2 Rxf2 33.
Rf5 Kg7 34. b4 Kg6 35. Rf4 f5 36. Kg1 Rg2+ 37. Kf1 Rg3 38. Kf2 Rxh3 39. Rxf3
Rh2+ 40. Kg3 Rxa2 41. Kf4 Rh2 42. Rd3 Rh4+ 43. Kg3 Rg4+ 44. Kf3 Rh4 45. Kg3 
1/2-1/2

[Event "9.Offene Senioren SH 2015"]
[Site "Buesum"]
[Date "2015.10.06"]
[Round "8.58"]
[White "Petersen, Guenter"]
[Black "Van Houten, Henk"]
[Result "1-0"]
[BlackElo "1729"]
[BlackTeam "SC Gronau"]
[EventDate "2015.??.??"]
[PlyCount "54"]
[WhiteElo "1609"]
[WhiteTeam "Segeberger SF"]

1. e4 e5 2. Nf3 Nc6 3. Bc4 Bc5 4. c3 Qe7 5. O-O Na5 6. Be2 Nc6 7. d4 exd4 8.
cxd4 Bb6 9. Nc3 d6 10. Nd5 Qxe4 11. Nxb6 axb6 12. d5 Nce7 13. Bb5+ Bd7 14. Re1
Qf5 15. Bc4 O-O-O 16. a4 Nf6 17. Rxe7 Rde8 18. Rxe8+ Rxe8 19. Be3 Re4 20. Bd3
Qxd5 21. Bxe4 Qxd1+ 22. Rxd1 Nxe4 23. Rd4 f5 24. Ng5 Nxg5 25. Bxg5 g6 26. h4 h5
27. f3 Be6  1-0

[Event "9.Offene Senioren SH 2015"]
[Site "Buesum"]
[Date "2015.10.06"]
[Round "8.59"]
[White "Krneta, Slavko"]
[Black "Ungar, Benedict"]
[Result "1-0"]
[BlackElo "1690"]
[BlackTeam "Delmenhorster SK"]
[EventDate "2015.??.??"]
[PlyCount "120"]
[WhiteElo "1871"]
[WhiteTeam "FG Wohlde"]

1. e4 Nc6 2. d4 e5 3. d5 Nce7 4. c4 Ng6 5. Bd3 Bc5 6. Nf3 h6 7. O-O Nf6 8. Bd2
O-O 9. b4 Be7 10. Re1 d6 11. h3 Nh7 12. Qc2 b6 13. Kh2 Ng5 14. Ng1 Bd7 15. g3
Qc8 16. Bf1 f5 17. Bxg5 hxg5 18. Bg2 f4 19. g4 Bxg4 20. hxg4 Qxg4 21. Qd3 Kf7
22. a4 Rh8+ 23. Bh3 Rxh3+ 24. Nxh3 Rh8 25. Ra3 Nh4 26. Rg1 Qh5 27. Nd2 g4 28.
Qf1 f3 29. Rg3 Ng2 30. Nxf3 gxf3 31. Qd1 Nh4 32. Raxf3+ Nxf3+ 33. Qxf3+ Bf6 34.
Qg4 Qxg4 35. Rxg4 Bh4 36. Kg2 Kf6 37. Ng1 Rh5 38. b5 Bg5 39. Nf3 Bf4 40. Rh4
Rxh4 41. Nxh4 Bd2 42. Nf3 Bb4 43. Kg3 Bc5 44. Ne1 Kg5 45. Nd3 Ba3 46. f4+ Kf6
47. f5 Kg5 48. Ne1 Bc1 49. Nf3+ Kh5 50. Nh4 Bd2 51. Ng6 Bb4 52. Nf8 Bc5 53. Ne6
Kh6 54. Kg4 Ba3 55. Nxc7 Bc5 56. Ne6 Be3 57. Nd8 Bd2 58. Nf7+ Kh7 59. Nxd6 Bb4
60. Nc8 Bc5  1-0

[Event "9.Offene Senioren SH 2015"]
[Site "Buesum"]
[Date "2015.10.06"]
[Round "8.60"]
[White "Weck, Uwe"]
[Black "Henniges, Erhard"]
[Result "1/2-1/2"]
[BlackElo "1630"]
[BlackTeam "Rochade 96 Magdeburg"]
[EventDate "2015.??.??"]
[PlyCount "70"]
[WhiteElo "1697"]
[WhiteTeam "SK Kaltenkirchen"]

1. e4 e6 2. d4 d5 3. e5 c5 4. Nf3 c4 5. c3 Qd7 6. Be2 Ne7 7. Bg5 Ng6 8. Nh4 Nxh4
9. Bxh4 Be7 10. Bxe7 Qxe7 11. O-O O-O 12. Nd2 b5 13. a3 Nc6 14. b4 Bb7 15. f4
Nd8 16. Rf3 Bc6 17. Qc2 f5 18. Rh3 Be8 19. g4 fxg4 20. Qxh7+ Kf7 21. Bxg4 Rg8
22. f5 Kf8 23. f6 gxf6 24. Qh6+ Qg7 25. Qxg7+ Rxg7 26. Rg3 f5 27. Bh3 Bg6 28.
Rf1 Nf7 29. Rf2 Ke7 30. Bf1 Rag8 31. Rfg2 Nh8 32. h4 Kf7 33. Nf3 Kf8 34. Ng5 Bf7
35. Kh2 Ng6  1/2-1/2

[Event "9.Offene Senioren SH 2015"]
[Site "Buesum"]
[Date "2015.10.06"]
[Round "8.61"]
[White "Moeller, Bernd"]
[Black "Stratmann, Dietrich"]
[Result "0-1"]
[BlackElo "1677"]
[BlackTeam "SC Northeim"]
[EventDate "2015.??.??"]
[PlyCount "90"]
[WhiteElo "1576"]
[WhiteTeam "SV Bad Schwartau"]

1. e4 e6 2. d4 d5 3. Bd3 c5 4. dxc5 Bxc5 5. Nf3 dxe4 6. Bb5+ Bd7 7. Bxd7+ Qxd7
8. Qxd7+ Nxd7 9. Ng5 Ngf6 10. O-O h6 11. Nh3 g5 12. g3 O-O-O 13. Kg2 Ne5 14. Ng1
Nd5 15. a3 f5 16. h3 Rd7 17. Bd2 f4 18. b4 f3+ 19. Kh1 Bb6 20. Nc3 Nxc3 21. Bxc3
Bd4 22. Bxd4 Rxd4 23. Rfe1 Rf8 24. Kh2 g4 25. Re3 h5 26. Kh1 Nc4 27. Rc3 b5 28.
Re1 Kb7 29. Ra1 a6 30. Re1 e5 31. Kh2 Rc8 32. Kh1 Rc6 33. Kh2 Kb6 34. Kh1 Nd2
35. Rxc6+ Kxc6 36. c3 Rd3 37. Rd1 Nc4 38. Rc1 Nxa3 39. h4 Kd5 40. Kh2 e3 41.
fxe3 Rxe3 42. Rd1+ Kc4 43. Rf1 Rxc3 44. Kh1 e4 45. Re1 e3  0-1

[Event "9.Offene Senioren SH 2015"]
[Site "Buesum"]
[Date "2015.10.06"]
[Round "8.62"]
[White "Ketelsen, Herbert"]
[Black "Schumacher, Ursula"]
[Result "1-0"]
[BlackElo "1670"]
[BlackTeam "HTC Bad Neuenahr"]
[EventDate "2015.??.??"]
[PlyCount "59"]
[WhiteElo "1194"]
[WhiteTeam "SK Kaltenkirchen"]

1. d4 c6 2. c4 d5 3. b3 Nf6 4. Bb2 Bf5 5. Nf3 e6 6. e3 h6 7. Be2 Nbd7 8. O-O Be7
9. Nbd2 O-O 10. Rc1 b6 11. cxd5 cxd5 12. Bb5 a6 13. Bxd7 Nxd7 14. Re1 Bf6 15. e4
dxe4 16. Nxe4 Qe7 17. h3 Bxe4 18. Rxe4 Rac8 19. Rxc8 Rxc8 20. Qe2 b5 21. d5 Bxb2
22. Qxb2 Nc5 23. Rg4 f6 24. dxe6 Nxe6 25. Nh4 Ng5 26. Qd4 Qe1+ 27. Kh2 Qe5+ 28.
Qxe5 fxe5 29. Nf5 Kf7 30. Nd6+  1-0

[Event "9.Offene Senioren SH 2015"]
[Site "Buesum"]
[Date "2015.10.06"]
[Round "8.63"]
[White "Howe, Dietrich"]
[Black "Harders, Werner"]
[Result "0-1"]
[BlackElo "1569"]
[BlackTeam "SK Kaltenkirchen"]
[EventDate "2015.??.??"]
[PlyCount "79"]
[WhiteElo "1667"]
[WhiteTeam "SK Kaltenkirchen"]

1. Nf3 c5 2. c4 d6 3. g3 e5 4. d3 h6 5. Bg2 Nf6 6. O-O Be7 7. Nc3 O-O 8. a3 Nc6
9. Rb1 Be6 10. b4 b6 11. bxc5 bxc5 12. Nd2 Rc8 13. Nb5 d5 14. cxd5 Bxd5 15. Nf3
a6 16. Nc3 Be6 17. Bd2 c4 18. Ne1 Bxa3 19. Qa4 Qd6 20. Ra1 Bb2 21. Rb1 Bxc3 22.
Bxc3 Nd4 23. Bxd4 Qxd4 24. Nf3 Qd6 25. Rfd1 c3 26. Rdc1 Bd7 27. Qa5 Bb5 28. Rxc3
Rxc3 29. Qxc3 Nd7 30. Rb2 f6 31. Nd2 f5 32. Nc4 Qc5 33. Qb3 Kh8 34. Nd2 h5 35.
Rc2 Qd6 36. Nc4 Qf6 37. Qb4 f4 38. Bf3 h4 39. g4 h3 40. e3 { Rest nicht
rekonstruirbar} 0-1

[Event "9.Offene Senioren SH 2015"]
[Site "Buesum"]
[Date "2015.10.06"]
[Round "8.64"]
[White "Kuehnen, Gerhard"]
[Black "Lachat, Martin"]
[Result "1-0"]
[BlackElo "1538"]
[BlackTeam "ASK Reti Zuerich"]
[EventDate "2015.??.??"]
[PlyCount "45"]
[WhiteElo "1649"]
[WhiteTeam "Flensburger SK"]

1. d4 f5 2. Nf3 Nf6 3. Nc3 d6 4. Bg5 c6 5. Bxf6 exf6 6. e3 d5 7. a3 Bd6 8. Bd3
Be6 9. Nh4 g6 10. b4 a6 11. Na4 b6 12. Qe2 O-O 13. c4 Qc7 14. f4 c5 15. cxd5
Bxd5 16. Bc4 Bf7 17. Rc1 b5 18. Bxf7+ Rxf7 19. Nxc5 Bxf4 20. Nd3 Qd7 21. Nxf4 g5
22. Qf3 Qe7 23. Nxf5  1-0

[Event "9.Offene Senioren SH 2015"]
[Site "Buesum"]
[Date "2015.10.06"]
[Round "8.65"]
[White "Zechel, Rolf-Ruediger"]
[Black "Geibel, Henning"]
[Result "1/2-1/2"]
[BlackElo "1470"]
[BlackTeam "SV Bargteheide"]
[EventDate "2015.??.??"]
[PlyCount "113"]
[WhiteElo "1645"]
[WhiteTeam "SK Kaltenkirchen"]

1. d4 d5 2. c4 e6 3. Nc3 Nf6 4. Bg5 Be7 5. Nf3 h6 6. Bh4 Ne4 7. Bxe7 Qxe7 8.
cxd5 Nxc3 9. bxc3 exd5 10. e3 O-O 11. Be2 b6 12. O-O a5 13. Qc2 Ba6 14. Rfc1
Bxe2 15. Qxe2 Nd7 16. c4 dxc4 17. Rxc4 Rac8 18. Rac1 c5 19. Qb2 Rb8 20. a4 Rfc8
21. Qc2 Qd6 22. Qf5 Qe7 23. h3 Qd6 24. e4 g6 25. e5 gxf5 26. exd6 f6 27. Nh4 f4
28. Nf5 Kh7 29. Ne7 Re8 30. dxc5 Nxc5 31. Rd1 Rbd8 32. Nf5 Re4 33. Rxe4 Nxe4 34.
Rd4 Nc3 35. Kf1 b5 36. axb5 Nxb5 37. Rd5 Rb8 38. d7 Nc7 39. d8=Q Rxd8 40. Rxd8
Ne6 41. Nd4 Nxd8 42. Ke2 Kg6 43. Kd3 Nb7 44. Kc4 a4 45. Kb4 a3 46. Kxa3 Nc5 47.
g3 Nd3 48. Ne2 Nxf2 49. Nxf4+ Kf5 50. Kb3 Ne4 51. Ne2 h5 52. Kc4 Nf2 53. Nd4+
Ke4 54. g4 hxg4 55. hxg4 Nxg4 56. Kc3 Ne5 57. Ne2  1/2-1/2

[Event "9.Offene Senioren SH 2015"]
[Site "Buesum"]
[Date "2015.10.06"]
[Round "8.66"]
[White "Luebbers, Doris"]
[Black "Wiebke, Elfriede"]
[Result "1/2-1/2"]
[BlackElo "1338"]
[BlackTeam "Segeberger SF"]
[EventDate "2015.??.??"]
[PlyCount "41"]
[WhiteElo "1527"]
[WhiteTeam "SF Taunus"]

1. d4 d5 2. Nf3 Nc6 3. e3 Nf6 4. c3 Bg4 5. Be2 e6 6. b3 Bd6 7. Ba3 O-O 8. Bxd6
cxd6 9. O-O Bxf3 10. Bxf3 e5 11. dxe5 dxe5 12. g3 e4 13. Bg2 h6 14. Qe2 Ne5 15.
f3 exf3 16. Bxf3 Nxf3+ 17. Rxf3 Ne4 18. Qb2 Ng5 19. Rf1 Qb6 20. Qe2 Nh3+ 21. Kg2
 1/2-1/2

[Event "9.Offene Senioren SH 2015"]
[Site "Buesum"]
[Date "2015.10.06"]
[Round "8.67"]
[White "Vierling, Paul"]
[Black "Priss, Klaus-Peter"]
[Result "0-1"]
[BlackElo "1603"]
[BlackTeam "Wyker TB"]
[WhiteElo "1467"]
[WhiteTeam "Fehntjer SK"]

1. e4 e5 2. Nf3 Nc6 3. Bb5 d6 4. Bxc6+ bxc6 5. d3 h6 6. h3 Be7 7. Be3 Nf6 8.
Nbd2 O-O 9. O-O Nh7 10. c4 f5 11. exf5 Bxf5 12. Qe2 c5 13. b3 Qd7 14. Ne4 Rf7
15. Kh2 Raf8 16. Ng3 Bxh3 17. Ng1 Be6 18. f3 Nf6 19. f4 Ng4+ 20. Kh1 exf4 21.
Bxf4 Rxf4 22. Rxf4 Rxf4 23. Nf3 Rf7 24. Re1 Rf6 25. Ne4 Rg6 26. d4 cxd4 27. Nxd4
Ne5 28. Nxe6 Qxe6 29. Nf2 Bh4 30. Rf1 Rf6 31. Nh3 Qg4 32. Qxg4 Nxg4 33. Kg1
Rxf1+ 34. Kxf1 Ne3+ 35. Kg1 Bg3 36. Kh1 g5  37. Ng1 g4 38. Ne2 Nf5 39. a4 c5 40.
Nc3 a6 41. Nd5 Kf7 42. b4 cxb4 43. Nxb4 a5 44. Nc6 Be1 45. Kg1 Ne3 46. Nd4 Nxc4
47. Kf1 Bc3 48. Ne2 Bb4 49. g3 Nb6 50. Nd4 Nxa4 51. Ke2 Nc3+ 52. Kd3 d5 53. Nc2
Ne4 54. Ne3 Nf6 55. Kc2 h5 56. Kb3 Ke6 { Schwarz gewinnt nach weiteren Zuegen
(Anm.: nicht rekonstruierbar).} 0-1

[Event "9.Offene Senioren SH 2015"]
[Site "Buesum"]
[Date "2015.10.06"]
[Round "8.68"]
[White "Graffenberger, Marianne"]
[Black "Baumast, Bernd"]
[Result "0-1"]
[BlackElo "1541"]
[BlackTeam "SV Bad Oldesloe"]
[WhiteElo "1540"]
[WhiteTeam "Hamburger SK"]

1. e4 c5 2. Nf3 Nf6 3. e5 Nd5 4. Bc4 Nb6 5. b3 Nxc4 6. bxc4 d6 7. c3 Nc6 8. d4
dxe5 9. dxe5 Qxd1+ 10. Kxd1 Bg4 11. Bf4 g6 12. Nd2 Bg7 13. Kc2 O-O 14. Rhe1 Na5
15. Rab1 b6 16. h3 Bf5+  17. Ne4 Nxc4 18. Kd3 Na3 19. Rbc1 Rad8+ 20. Ke3 Nc4+
21. Ke2 Bxe4 22. Kf1 Bd3+ 23. Kg1 f6 24. exf6 exf6 25. Re7 Rf7 26. Rxf7 Kxf7 27.
Rd1 Ke8 28. Bc7 Rd7 29. Bf4 Be4 30. Re1 f5 31. Ng5 Re7 32. f3 Bc6 33. Rxe7+ Kxe7
34. Nxh7 Bxc3 35. h4 Bd2 36. Bg5+ Bxg5 37. Nxg5 Ne5 38. f4 Ng4 39. Nf3 Bxf3 40.
gxf3 Kd6 41. fxg4 fxg4 42. f5 gxf5 43. h5 Ke6 44. h6 Kf7  0-1